EFFECT OF HAMSTRING RELEASE AND NEURAL MOBILIZATION ON IMPROVING WALKING CAPABILITY AND PHYSICAL ACTIVITY ASSOCIATED WITH INTERMITTENT NEUROLOGICAL CLAUDICATION IN PATIENTS WITH LUMBAR SPINAL STENOSIS (Record no. 32172)

MARC details
000 -LEADER
fixed length control field 00465nam a22001337a 4500
003 - CONTROL NUMBER IDENTIFIER
control field SGT
082 ## - DEWEY DECIMAL CLASSIFICATION NUMBER
Classification number 617.84
Item number E22Y
100 ## - MAIN ENTRY--PERSONAL NAME
Personal name YADAV, GEETA
245 ## - TITLE STATEMENT
Title EFFECT OF HAMSTRING RELEASE AND NEURAL MOBILIZATION ON IMPROVING WALKING CAPABILITY AND PHYSICAL ACTIVITY ASSOCIATED WITH INTERMITTENT NEUROLOGICAL CLAUDICATION IN PATIENTS WITH LUMBAR SPINAL STENOSIS
260 ## - PUBLICATION, DISTRIBUTION, ETC. (IMPRINT)
Place of publication, distribution, etc GURUGRAM
Name of publisher, distributor, etc SGT UNIVERSITY
Year of Publication 2022
300 ## - PAGE DESCRIPTION
No. of Pages 116
650 ## - SUBJECT ADDED ENTRY--TOPICAL TERM
Topical term or geographic name as entry element NUEROLOGY
942 ## - ADDED ENTRY ELEMENTS (KOHA)
Source of classification or shelving scheme Dewey Decimal Classification
Koha item type Thesis/Dissertation
Holdings
Withdrawn status Lost status Source of classification or shelving scheme Damaged status Not for loan Home library Current library Shelving location Date acquired Total Checkouts Full call number Accession No. (Barcode) Date last seen Bill Date Koha item type
    Dewey Decimal Classification   Not For Loan SGT Medical Library SGT Medical Library Reference Book 06/08/2025   617.84 E22Y DT2292 06/08/2025 06/08/2025 Thesis/Dissertation